[Event "Florianopolis op 7th"]
[Site "Florianopolis"]
[Date "2021.01.23"]
[Round "8"]
[White "Araujo, Leonardo Augusto De"]
[Black "De Magalhaes, Gustavo A Linhares"]
[Result "1-0"]
[WhiteElo "1858"]
[BlackElo "1447"]
[PlyCount "67"]
[EventDate "2021.01.18"]
[EventType "swiss"]
[EventRounds "10"]
[EventCountry "BRA"]
[SourceTitle "CBM 200 Extra"]
[Source "ChessBase"]
[SourceDate "2021.03.31"]
[SourceVersion "1"]
[SourceVersionDate "2021.03.31"]
[SourceQuality "1"]

1. e4 e5 2. Bc4 Nf6 3. d3 c6 4. f4 d5 5. exd5 cxd5 6. Bb3 Nc6 7. fxe5 Bg4 8. Qd2 Qe7 9. d4 Ne4 10. Qe3 0-0-0 11. Nc3 Qb4 12. Nf3 Bxf3 13. gxf3 Nxd4 14. fxe4 Nxb3 15. axb3 d4 16. Qh3+ Kb8 17. Ra4 Qc5 18. Qd3 Qxe5 19. Rf1 g5 20. Rxf7 Qxh2 21. Rxb7+ Kxb7 22. Qa6+ Kc7 23. Qxa7+ Kd6 24. Rxd4+ Ke6 25. Rxd8 Qh1+ 26. Kd2 Qh2+ 27. Kd3 Qh3+ 28. Be3 Bc5 29. Qd7+ Kf6 30. Qxh3 Rxd8+ 31. Ke2 Bxe3 32. Kxe3 Rh8 33. Qf5+ Ke7 34. Nd5+ 1-0

[Event "Florianopolis op 7th"]
[Site "Florianopolis"]
[Date "2021.01.22"]
[Round "7"]
[White "Fernandes Filho, Bergson Fragoso"]
[Black "Araujo, Leonardo Augusto De"]
[Result "1-0"]
[WhiteElo "2128"]
[BlackElo "1858"]
[PlyCount "121"]
[EventDate "2021.01.18"]
[EventType "swiss"]
[EventRounds "10"]
[EventCountry "BRA"]
[SourceTitle "CBM 200 Extra"]
[Source "ChessBase"]
[SourceDate "2021.03.31"]
[SourceVersion "1"]
[SourceVersionDate "2021.03.31"]
[SourceQuality "1"]

1. e4 e5 2. Nf3 Nf6 3. Nxe5 d6 4. Nc4 Nxe4 5. Ne3 d5 6. d4 Qf6 7. Bb5+ c6 8. Qe2 Qxd4 9. Nxd5 Qxd5 10. Bd3 Bf5 11. f3 Qe6 12. fxe4 Bg4 13. Qf2 Nd7 14. Be3 Bd6 15. Nd2 Ne5 16. 0-0 a6 17. Nf3 0-0 18. Nd4 Qd7 19. h3 Be6 20. Nxe6 Qxe6 21. a4 Rad8 22. Be2 Nc4 23. Bd4 Nd2 24. Bg4 Qh6 25. e5 Nxf1 26. exd6 Qxd6 27. Bc5 Qd2 28. Rxf1 Qxf2+ 29. Rxf2 Rfe8 30. Re2 Rxe2 31. Bxe2 g6 32. Be3 Kg7 33. Kf2 Re8 34. Bd3 f6 35. Ke2 h5 36. Kd2 f5 37. h4 Kf6 38. Bf4 a5 39. g3 Re6 40. Kc3 Ke7 41. Kd4 b6 42. Bc7 b5 43. axb5 cxb5 44. Bxa5 Kd6 45. Bd2 Kc6 46. Bf4 Re8 47. b4 Re7 48. c4 bxc4 49. Kxc4 Re8 50. b5+ Kb6 51. Kd5 Rd8+ 52. Bd6 Re8 53. Bc5+ Kb7 54. b6 Re1 55. Bb5 Kb8 56. Bc6 Rd1+ 57. Ke5 Kc8 58. Bd6 Re1+ 59. Kf6 Rb1 60. b7+ Kd8 61. b8Q+ 1-0

[Event "Florianopolis op 7th"]
[Site "Florianopolis"]
[Date "2021.01.19"]
[Round "2"]
[White "Piccoli, Lucas Fonseca"]
[Black "Araujo, Leonardo Augusto De"]
[Result "1-0"]
[WhiteElo "2139"]
[BlackElo "1858"]
[PlyCount "95"]
[EventDate "2021.01.18"]
[EventType "swiss"]
[EventRounds "10"]
[EventCountry "BRA"]
[SourceTitle "CBM 200 Extra"]
[Source "ChessBase"]
[SourceDate "2021.03.31"]
[SourceVersion "1"]
[SourceVersionDate "2021.03.31"]
[SourceQuality "1"]

1. e4 e5 2. Nf3 Nf6 3. Nxe5 d6 4. Nf3 Nxe4 5. Nc3 Nxc3 6. dxc3 Be7 7. Be3 Nc6 8. Qd2 0-0 9. 0-0-0 Ne5 10. h4 c5 11. Kb1 Qa5 12. Ng5 f6 13. Qd5+ Kh8 14. Ne6 Re8 15. f4 Ng4 16. Bd3 Nh6 17. Bd2 Bd7 18. Rhe1 Bc6 19. Qh5 Bf8 20. c4 Qb6 21. f5 Ng8 22. g4 Bf3 23. Nf4 Ne7 24. Rc1 Qc6 25. Re6 Kg8 26. Rce1 Rad8 27. Be4 Bxe4 28. R1xe4 Qd7 29. Nd5 b5 30. g5 bxc4 31. Bc3 Nxd5 32. Rxe8 Nxc3+ 33. bxc3 Rxe8 34. Rxe8 Qxf5 35. Qe2 d5 36. Ra8 fxg5 37. hxg5 d4 38. Qxc4+ Kh8 39. Rxa7 dxc3 40. Rf7 Qc8 41. Qxc3 Qb8+ 42. Qb3 Qd6 43. a4 h5 44. g6 h4 45. Qd3 Kg8 46. Qf5 c4 47. Rxf8+ Qxf8 48. Qd5+ 1-0

[Event "Sao Paulo-chT1"]
[Site "Sao Paulo"]
[Date "2019.03.09"]
[Round "6.1"]
[White "Araujo, Leonardo Augusto De"]
[Black "Santos, Raphael Henrique Da"]
[Result "1/2-1/2"]
[WhiteElo "1858"]
[BlackElo "1787"]
[PlyCount "106"]
[EventDate "2019.02.23"]
[EventType "team-tourn"]
[EventRounds "7"]
[EventCountry "BRA"]
[SourceTitle "EXT 2021"]
[Source "ChessBase"]
[SourceDate "2020.10.23"]
[SourceVersion "1"]
[SourceVersionDate "2020.10.23"]
[SourceQuality "1"]
[WhiteTeam "Osasco II"]
[BlackTeam "Sao Jose Chess Empire"]
[WhiteTeamCountry "BRA"]
[BlackTeamCountry "BRA"]

1. e4 c5 2. Nf3 Nc6 3. d3 g6 4. g3 Bg7 5. Bg2 e5 6. c3 Nge7 7. Bg5 h6 8. Be3 d6 9. Qd2 Be6 10. Na3 Nd4 11. cxd4 cxd4 12. Bxd4 exd4 13. Qb4 a5 14. Qd2 Nc6 15. 0-0 0-0 16. Nb5 d5 17. Rfe1 dxe4 18. dxe4 Qb6 19. a4 Rad8 20. Qf4 Nb4 21. Re2 Bc4 22. Rd2 Bxb5 23. axb5 Qxb5 24. Bf1 Qb6 25. e5 Nc6 26. Bc4 Rde8 27. Re1 Qc5 28. Rc2 Nxe5 29. Nxe5 Rxe5 30. Rec1 Qe7 31. Kg2 Rf5 32. Qg4 Qf6 33. Bd3 Rd5 34. Rc7 h5 35. Qe4 Rd6 36. Rxb7 Rb6 37. Rcc7 Re6 38. Qd5 Qe5 39. Qxe5 Bxe5 40. Rd7 Rd6 41. Re7 Re6 42. Red7 Kg7 43. Bc4 Rd6 44. Rxf7+ Rxf7 45. Rxf7+ Kh6 46. f4 Bg7 47. Bd3 Rb6 48. Kf3 Rxb2 49. h4 a4 50. Ra7 Rd2 51. Be4 Bf6 52. Rxa4 Rb2 53. Ra3 Rb6 1/2-1/2

[Event "Hebraica op 26th"]
[Site "Hebraica"]
[Date "2019.01.12"]
[Round "4"]
[White "Takeda, Fernando"]
[Black "Araujo, Leonardo Augusto De"]
[Result "0-1"]
[WhiteElo "1700"]
[BlackElo "1885"]
[PlyCount "59"]
[EventDate "2019.01.11"]
[EventType "swiss"]
[EventRounds "6"]
[EventCountry "BRA"]
[SourceTitle "EXT 2020"]
[Source "ChessBase"]
[SourceDate "2019.10.17"]
[SourceVersion "1"]
[SourceVersionDate "2019.10.17"]
[SourceQuality "1"]

1. d4 Nf6 2. c4 e6 3. Nf3 Bb4+ 4. Bd2 Qe7 5. e3 b6 6. Bd3 Bb7 7. Qe2 0-0 8. 0-0 Ne4 9. Nc3 Bxc3 10. Bxc3 d6 11. Rac1 Nd7 12. Rfd1 f5 13. b4 Rf7 14. Bb2 Raf8 15. c5 bxc5 16. dxc5 dxc5 17. bxc5 Bc6 18. Bb1 Ng5 19. Nd4 Bd5 20. Nb5 f4 21. exf4 Rxf4 22. Rxd5 Rxf2 23. Rxd7 Qxd7 24. Qe5 Qf7 25. Bd3 Rxg2+ 26. Kh1 Nf3 27. Qxc7 Qxc7 28. Kxg2 Qxh2+ 29. Kf1 Ne5+ 30. Ke1 0-1

[Event "Hebraica op 26th"]
[Site "Hebraica"]
[Date "2019.01.11"]
[Round "1"]
[White "Araujo, Leonardo Augusto De"]
[Black "Dattoli, Micael Cimet"]
[Result "1-0"]
[WhiteElo "1885"]
[BlackElo "1442"]
[PlyCount "39"]
[EventDate "2019.01.11"]
[EventType "swiss"]
[EventRounds "6"]
[EventCountry "BRA"]
[SourceTitle "EXT 2020"]
[Source "ChessBase"]
[SourceDate "2019.10.17"]
[SourceVersion "1"]
[SourceVersionDate "2019.10.17"]
[SourceQuality "1"]

1. e4 c5 2. Nf3 d6 3. g3 Nf6 4. d3 e6 5. Bg2 Be7 6. 0-0 Nc6 7. Nbd2 Bd7 8. c3 Qc7 9. Qe2 e5 10. h3 h5 11. Nc4 0-0-0 12. d4 cxd4 13. cxd4 exd4 14. Bf4 Be6 15. Rac1 Kb8 16. e5 dxe5 17. Nfxe5 Bd6 18. Nxd6 Rxd6 19. Nxc6+ bxc6 20. Rxc6 1-0

[Event "Sao Paulo Karman Cup 2nd"]
[Site "Sao Paulo"]
[Date "2014.11.22"]
[Round "4"]
[White "Araujo, Leonardo Augusto De"]
[Black "Venelli, Luiz Gonzaga"]
[Result "1/2-1/2"]
[WhiteElo "1874"]
[BlackElo "1749"]
[PlyCount "65"]
[EventDate "2014.11.21"]
[EventType "swiss"]
[EventRounds "6"]
[EventCountry "BRA"]
[SourceTitle "CBM 163 Extra"]
[Source "ChessBase"]
[SourceDate "2014.12.23"]
[SourceVersion "1"]
[SourceVersionDate "2014.12.23"]
[SourceQuality "1"]

1. e4 e5 2. Nf3 Nc6 3. d4 d6 4. Bc4 exd4 5. Nxd4 Be7 6. Nc3 Nf6 7. h3 Ne5 8. Be2 a6 9. 0-0 Bd7 10. Be3 0-0 11. f4 Nc6 12. Qd2 b5 13. Bf3 Nxd4 14. Bxd4 Bc6 15. e5 dxe5 16. Bxc6 Qxd4+ 17. Qxd4 exd4 18. Bxa8 dxc3 19. Bc6 cxb2 20. Rab1 Bc5+ 21. Kh2 Bd4 22. a3 Rb8 23. Rf3 Ne8 24. c3 Bc5 25. Rxb2 Bxa3 26. Ra2 Bc5 27. Rxa6 Nd6 28. Bd7 g6 29. Rc6 Bb6 30. f5 Rd8 31. Rxd6 cxd6 32. Bxb5 Bc5 33. Bc4 1/2-1/2

[Event "Sao Paulo Big Fun op"]
[Site "Sao Paulo"]
[Date "2014.09.28"]
[Round "6"]
[White "Araujo, Leonardo Augusto De"]
[Black "Nunes, Agatha Hurba"]
[Result "1-0"]
[WhiteElo "1855"]
[BlackElo "1742"]
[PlyCount "53"]
[EventDate "2014.09.25"]
[EventType "swiss"]
[EventRounds "6"]
[EventCountry "BRA"]
[SourceTitle "CBM 162 Extra"]
[Source "ChessBase"]
[SourceDate "2014.10.17"]
[SourceVersion "1"]
[SourceVersionDate "2014.10.17"]
[SourceQuality "1"]

1. e4 d5 2. exd5 Nf6 3. Bc4 Nxd5 4. Nf3 Bg4 5. 0-0 g6 6. Nc3 c6 7. Ne4 Bg7 8. h3 Bxf3 9. Qxf3 0-0 10. c3 e6 11. d4 h6 12. a4 b6 13. b3 a5 14. Ba3 Re8 15. Rfe1 f5 16. Nd6 Re7 17. Bxd5 cxd5 18. Nb5 Kf7 19. Bxe7 Qxe7 20. Qg3 Na6 21. Re2 g5 22. Rae1 f4 23. Qf3 Re8 24. Qh5+ Kf6 25. Rxe6+ Qxe6 26. Qxe8 Qxe8 27. Rxe8 1-0

[Event "Ribeira Valley op 9th"]
[Site "Registro"]
[Date "2013.07.30"]
[Round "1"]
[White "Delgado Ramirez, Neuris"]
[Black "Araujo, Leonardo Augusto De"]
[Result "1-0"]
[WhiteElo "2583"]
[BlackElo "1866"]
[PlyCount "61"]
[EventDate "2013.07.30"]
[EventType "swiss"]
[EventRounds "9"]
[EventCountry "BRA"]
[SourceTitle "CBM 155 Extra"]
[Source "ChessBase"]
[SourceDate "2013.08.26"]
[SourceVersion "1"]
[SourceVersionDate "2013.08.26"]
[SourceQuality "1"]

1. e4 e5 2. Nf3 Nf6 3. Nxe5 d6 4. Nf3 Nxe4 5. Nc3 Nxc3 6. dxc3 Be7 7. Be3 Nc6 8. Qd2 0-0 9. 0-0-0 Ne5 10. h4 c6 11. Kb1 Qa5 12. Bg5 Re8 13. Nxe5 Bxg5 14. hxg5 dxe5 15. Bd3 e4 16. Bxe4 Bf5 17. Bxf5 Qxf5 18. f3 g6 19. g4 Qe5 20. f4 Qe2 21. a3 Re4 22. Qd6 Re6 23. Qc7 Qxg4 24. f5 gxf5 25. Qh2 h5 26. gxh6 Kh7 27. Rdg1 Re2 28. Qc7 Qc4 29. Rg7+ Kh8 30. Qg3 Qe4 31. Rh7+ 1-0

[Event "Sao Paulo Braga Memorial 2nd"]
[Site "Sao Paulo"]
[Date "2013.07.13"]
[Round "9"]
[White "Serafim, Arnor Jr"]
[Black "Araujo, Leonardo Augusto De"]
[Result "1-0"]
[WhiteElo "1851"]
[BlackElo "1873"]
[PlyCount "55"]
[EventDate "2013.07.05"]
[EventType "swiss"]
[EventRounds "9"]
[EventCountry "BRA"]
[SourceTitle "CBM 155 Extra"]
[Source "ChessBase"]
[SourceDate "2013.08.26"]
[SourceVersion "1"]
[SourceVersionDate "2013.08.26"]
[SourceQuality "1"]

1. c4 Nf6 2. Nf3 e6 3. g3 b6 4. Bg2 Bb7 5. 0-0 d6 6. Nc3 Be7 7. Qc2 0-0 8. e4 e5 9. d4 Nbd7 10. b3 Nh5 11. Rd1 Bf6 12. Bb2 c6 13. Ba3 Re8 14. Bxd6 exd4 15. Nxd4 c5 16. Ndb5 a6 17. Nc7 Bd4 18. Nxe8 Qxe8 19. Re1 Qe6 20. e5 Bxg2 21. Kxg2 Qg4 22. Re4 Qf5 23. Rc1 Bxc3 24. Rh4 Qxc2 25. Rxc2 Bd4 26. Rxh5 g6 27. Rh4 Nxe5 28. Rxd4 1-0

[Event "Sao Paulo Braga Memorial 2nd"]
[Site "Sao Paulo"]
[Date "2013.07.09"]
[Round "5"]
[White "Rodolpho Filho, Joao"]
[Black "Araujo, Leonardo Augusto De"]
[Result "0-1"]
[WhiteElo "1782"]
[BlackElo "1873"]
[PlyCount "55"]
[EventDate "2013.07.05"]
[EventType "swiss"]
[EventRounds "9"]
[EventCountry "BRA"]
[SourceTitle "CBM 155 Extra"]
[Source "ChessBase"]
[SourceDate "2013.08.26"]
[SourceVersion "1"]
[SourceVersionDate "2013.08.26"]
[SourceQuality "1"]

1. d4 Nf6 2. c4 e6 3. Nf3 Bb4+ 4. Bd2 Qe7 5. a3 Bxd2+ 6. Nbxd2 d6 7. e4 e5 8. d5 a5 9. Be2 a4 10. 0-0 Nbd7 11. b3 axb3 12. Nxb3 Nxe4 13. Qc2 Nef6 14. Bd3 0-0 15. Ng5 h6 16. Ne4 b6 17. Rfe1 Nh5 18. Be2 Nf4 19. Nbd2 f5 20. Ng3 Nc5 21. Ndf1 Bd7 22. Ne3 Qg5 23. Nef1 h5 24. Bf3 h4 25. Ne4 fxe4 26. Bxe4 Nh3+ 27. Kh1 Nxf2+ 28. Kg1 0-1

[Event "Maringa op 2nd"]
[Site "Maringa"]
[Date "2012.08.12"]
[Round "9"]
[White "Zallio, Luciano de Souza"]
[Black "Araujo, Leonardo Augusto De"]
[Result "1/2-1/2"]
[WhiteElo "2138"]
[BlackElo "1873"]
[PlyCount "118"]
[EventDate "2012.08.08"]
[EventType "swiss"]
[EventRounds "9"]
[EventCountry "BRA"]
[SourceTitle "CBM 149 Extra"]
[Source "ChessBase"]
[SourceDate "2012.08.24"]
[SourceVersion "1"]
[SourceVersionDate "2012.08.24"]
[SourceQuality "1"]

1. e4 e5 2. Nf3 Nf6 3. Nxe5 d6 4. Nf3 Nxe4 5. d4 d5 6. Bd3 Nc6 7. 0-0 Be7 8. c4 Nb4 9. Be2 0-0 10. a3 Nc6 11. Nc3 Nxc3 12. bxc3 Bf5 13. Bf4 Bd6 14. Bg5 f6 15. Bh4 Bf4 16. Bg3 Bxg3 17. hxg3 Na5 18. cxd5 Qxd5 19. Qa4 b6 20. Nd2 Bd7 21. Qb4 c5 22. Qb2 Rac8 23. Rad1 Ba4 24. Rc1 cxd4 25. cxd4 Qd7 26. Qb4 Rfd8 27. Rxc8 Rxc8 28. Nf3 Bb3 29. Ba6 Rd8 30. Bb5 Qb7 31. Re1 Kf7 32. Nh4 g6 33. Qc3 a6 34. Bxa6 Qd7 35. Nf3 Bd5 36. Rd1 Kg7 37. Qb4 Qc7 38. Rb1 Rd6 39. Bb5 Re6 40. Re1 Rxe1+ 41. Nxe1 Kf7 42. Nd3 Qe7 43. Qc3 g5 44. Nb4 Be4 45. Qe3 Nb7 46. Bc4+ Kf8 47. f3 Nd6 48. fxe4 Nxc4 49. Qc3 b5 50. a4 Qxe4 51. axb5 Ne3 52. Qd2 Qb1+ 53. Kf2 Ng4+ 54. Ke2 Qe4+ 55. Kd1 Qb1+ 56. Ke2 Qe4+ 57. Kf1 Qf5+ 58. Ke1 Qe4+ 59. Kd1 Qb1+ 1/2-1/2

[Event "Maringa op 2nd"]
[Site "Maringa"]
[Date "2012.08.10"]
[Round "5"]
[White "Oliveira, Fernando Ventura"]
[Black "Araujo, Leonardo Augusto De"]
[Result "1-0"]
[WhiteElo "2077"]
[BlackElo "1873"]
[PlyCount "114"]
[EventDate "2012.08.08"]
[EventType "swiss"]
[EventRounds "9"]
[EventCountry "BRA"]
[SourceTitle "CBM 149 Extra"]
[Source "ChessBase"]
[SourceDate "2012.08.24"]
[SourceVersion "1"]
[SourceVersionDate "2012.08.24"]
[SourceQuality "1"]

1. d4 Nf6 2. c4 e6 3. Nf3 Bb4+ 4. Bd2 Qe7 5. a3 Bxd2+ 6. Nbxd2 d6 7. e3 Nbd7 8. Be2 0-0 9. 0-0 b6 10. Rc1 e5 11. b4 a5 12. Qc2 Ba6 13. Rfd1 g6 14. dxe5 dxe5 15. bxa5 bxa5 16. Qc3 a4 17. Bf1 e4 18. Nd4 Nc5 19. Nc6 Qe6 20. Nb4 Bb7 21. Nd5 Ne8 22. Qb4 c6 23. Qxc5 cxd5 24. cxd5 Qxd5 25. Qxd5 Bxd5 26. Nc4 Be6 27. Nb6 Ra7 28. Bc4 Ng7 29. Bxe6 Nxe6 30. Nd7 Rfa8 31. Nf6+ Kg7 32. Nxe4 Rb8 33. Rc3 Rb3 34. Rdc1 Rab7 35. g3 Rb2 36. R1c2 Rxc2 37. Rxc2 Rb3 38. Rc3 Rb1+ 39. Kg2 f5 40. Nd2 Rb2 41. Nf3 Kf6 42. Rc4 Ra2 43. Rxa4 Nc5 44. Rc4 Ne4 45. Kg1 Rxf2 46. Rxe4 Rxf3 47. Re8 Kf7 48. Kg2 Rxg3+ 49. Kxg3 Kxe8 50. Kf4 Kd7 51. Kg5 Kc6 52. Kh6 Kd5 53. a4 Ke4 54. a5 Kxe3 55. a6 f4 56. a7 f3 57. a8Q f2 1-0

[Event "Osasco op"]
[Site "Osasco"]
[Date "2012.04.22"]
[Round "6"]
[White "Santos, Maiara Eloa Garcia"]
[Black "Araujo, Leonardo Augusto De"]
[Result "0-1"]
[WhiteElo "1636"]
[BlackElo "1935"]
[PlyCount "124"]
[EventDate "2012.04.20"]
[EventType "swiss"]
[EventRounds "6"]
[EventCountry "BRA"]
[SourceTitle "CBM 148 Extra"]
[Source "ChessBase"]
[SourceDate "2012.06.22"]
[SourceVersion "1"]
[SourceVersionDate "2012.06.22"]
[SourceQuality "1"]

1. Nf3 Nf6 2. c4 e6 3. g3 b6 4. Bg2 Bb7 5. b3 d6 6. Bb2 Nbd7 7. 0-0 Be7 8. d3 0-0 9. Nbd2 e5 10. Rc1 a5 11. a4 Nh5 12. e4 g6 13. d4 Bf6 14. dxe5 dxe5 15. Ne1 Qe7 16. Nd3 Rad8 17. Qe2 Ng7 18. Nf3 Ne6 19. Rcd1 Nec5 20. Ba3 Rfe8 21. Nxc5 Nxc5 22. Bxc5 Qxc5 23. Qc2 Be7 24. Rfe1 f6 25. Nh4 Qc6 26. Rxd8 Rxd8 27. Rd1 Qe8 28. Bf3 Bc5 29. Ng2 Qe7 30. Ne3 Bxe3 31. fxe3 Rd6 32. Kf2 Kf7 33. Ke2 Qd7 34. Rxd6 Qxd6 35. Qd2 Qxd2+ 36. Kxd2 f5 37. Kd3 Ke7 38. h3 Kd6 39. g4 Kc5 40. gxf5 gxf5 41. Kc3 Bxe4 42. Bh5 Bg2 43. h4 f4 44. exf4 exf4 45. Kd2 f3 46. Ke3 Kb4 47. Be8 Kxb3 48. Bb5 Kb4 49. Kf2 Kc5 50. h5 h6 51. Kg1 Kd6 52. Kf2 c6 53. Ba6 Kc7 54. Kg3 Kb8 55. Kf2 Ka7 56. Bc8 b5 57. cxb5 cxb5 58. axb5 a4 59. Be6 a3 60. Bc4 Kb6 61. Ke3 Kc5 62. Ba2 Kxb5 0-1

[Event "Sao Paulo Braga op"]
[Site "Sao Paulo"]
[Date "2011.04.24"]
[Round "8.59"]
[White "Choma, Juliana Luiza"]
[Black "Araujo, Leonardo Augusto De"]
[Result "0-1"]
[WhiteElo "1891"]
[BlackElo "1906"]
[PlyCount "98"]
[EventDate "2011.04.20"]
[EventType "swiss"]
[EventRounds "9"]
[EventCountry "BRA"]
[SourceTitle "EXT 2022"]
[Source "ChessBase"]
[SourceDate "2021.10.06"]
[SourceVersion "1"]
[SourceVersionDate "2021.10.06"]
[SourceQuality "1"]

1. Nf3 Nf6 2. c4 e6 3. g3 b6 4. Bg2 Bb7 5. 0-0 d6 6. d4 Nbd7 7. Nc3 Be7 8. Re1 0-0 9. e4 e5 10. Nd5 Re8 11. b3 c6 12. Nxe7+ Qxe7 13. Bb2 c5 14. dxe5 dxe5 15. Qc2 Red8 16. Rad1 Ne8 17. Qc3 f6 18. Nd2 Nc7 19. Bh3 Ne6 20. a3 a5 21. Nf1 Nd4 22. Bg2 Nf8 23. Ne3 Rd6 24. Nd5 Qf7 25. b4 a4 26. bxc5 bxc5 27. Rb1 Nfe6 28. Bh3 Bc8 29. Bc1 Qh5 30. Ne7+ Kf8 31. g4 Qh4 32. Nf5 Nxf5 33. gxf5 Nd4 34. Re3 Qh5 35. Kf1 Nb3 36. Rg3 Qd1+ 37. Kg2 Bb7 38. Re3 Rd4 39. f3 Bc6 40. Re1 Qd3 41. Qxd3 Rxd3 42. Bb2 Rad8 43. Re2 Nd2 44. Rc1 Nxf3 45. Bg4 Nd2 46. Rce1 Nxc4 47. Rc2 Rd2+ 48. Re2 Rxc2 49. Rxc2 Bxe4+ 0-1

[Event "Sao Paulo Braga op"]
[Site "Sao Paulo"]
[Date "2011.04.23"]
[Round "6"]
[White "Heinrichs, Vivian"]
[Black "Araujo, Leonardo Augusto De"]
[Result "0-1"]
[WhiteElo "1912"]
[BlackElo "1906"]
[PlyCount "54"]
[EventDate "2011.04.20"]
[EventType "swiss"]
[EventRounds "9"]
[EventCountry "BRA"]
[SourceTitle "CBM 141 Extra"]
[Source "ChessBase"]
[SourceDate "2011.05.03"]
[SourceVersion "1"]
[SourceVersionDate "2011.05.03"]
[SourceQuality "1"]

1. e4 e5 2. Nf3 Nf6 3. Nxe5 d6 4. Nf3 Nxe4 5. Nc3 Nxc3 6. dxc3 Be7 7. Be3 Nc6 8. Qd2 0-0 9. h3 Be6 10. Ng5 Ne5 11. Nxe6 fxe6 12. f4 Bh4+ 13. Bf2 Bxf2+ 14. Qxf2 Qf6 15. g3 Ng6 16. Bd3 e5 17. f5 e4 18. Bc4+ Kh8 19. 0-0 Ne5 20. Bd5 Nf3+ 21. Kh1 Qxf5 22. g4 Qxd5 23. Rad1 Qe5 24. Qg2 Rf4 25. Qg3 Raf8 26. c4 c6 27. c3 e3 0-1